| 000 | 00898nam a2200253 a 4500 | ||
|---|---|---|---|
| 001 | 18583 | ||
| 003 | BD-RjUL | ||
| 005 | 20211209000315.0 | ||
| 008 | 140220s1981 cauh b 001 1 eng d | ||
| 020 | _a0804710222 | ||
| 035 | _a(BD-RjUL)18641 | ||
| 040 |
_aDLC _beng _cDLC _dDLC _dBD-RjUL _dLC |
||
| 041 | _aeng | ||
| 082 | 0 | 0 |
_a822.33 _219 _bPRS 1981 |
| 100 | 1 |
_aProsser, Eleanor. _957260 |
|
| 245 | 1 | 0 |
_aShakespeare's anonymous editors pont : _bscribe and compositor in the Folio text of 2 Henry IV / _cEleanor Prosser. |
| 260 |
_aStanford, Calif. : _bStanford University Press, _c1991. |
||
| 300 |
_aix, 319 p. : _bfacsims. ; _c23 cm. |
||
| 504 | _aIncludes bibliographical references and index. | ||
| 600 | 1 | 0 |
_aShakespeare, William, _d1564-1616. _xCriticism, Textual. _9164138 |
| 600 | 0 | 0 |
_aHenry _cKing of England, _d1367-1413 _xIn literature. _9164139 |
| 942 |
_2ddc _cBK |
||
| 999 |
_c18583 _d18583 |
||